Countries Without Political Parties - Statistics

General Stats
  • This quiz has been taken 19 times
  • The average score is 6 of 10
Answer Stats
Answer % Correct
Kuwait
78%
Saudi Arabia
78%
United Arab Emirates
78%
Qatar
72%
Bahrain
67%
Oman
67%
Vatican City
67%
Palau
50%
Tuvalu
50%
Federated States of Micronesia
33%
No matching quizzes found
Score Distribution
Percent of People with Each Score
Percentile by Number Answered
Your Score History
You have not taken this quiz